000 00565nam a2200205Ia 4500
003 OSt
005 20230426094940.0
008 210423s2012 xx 000 0 und d
020 _a9789350512623
040 _cAL
041 _aeng
082 _a372.71 DESR
_223
100 _aDESAI (Vasant).
_993124
245 _aRural development in India: a challenge in the crisis.
260 _aNew Delhi
_bHimalaya Publishing House
_c2012
300 _a617
_bPB
365 _b450
_cINR
906 _achallenge ; crisis. ; development ; India: ; Rural
942 _2ddc
_cBK
999 _c161684
_d161684